Actrices québécoises - Statistiques

Statistiques générales
  • Ce quiz a été pris 166 fois
    165 depuis la dernière actualisation
  • Le résultat moyen est 31 sur 87
Statistiques - réponses
Réponse % Correct
Guylaine Tremblay
71%
Sarah-Jeanne Labrosse
71%
Julie LeBreton
66%
Suzanne Clément
66%
Anne Dorval
61%
Hélène Bourgeois-Leclerc
59%
Magalie Lépine-Blondeau
59%
Dominique Michel
57%
Karine Vanasse
57%
Eve Landry
52%
Danielle Proulx
50%
Marina Orsini
50%
Anne-Élisabeth Bossé
46%
Catherine Brunet
46%
Isabelle Blais
46%
Marie-Thérèse Fortin
46%
Sophie Lorain
46%
Bianca Gervais
45%
Julie Perreault
45%
Mariloup Wolfe
45%
Sophie Cadieux
45%
Anne Casabonne
43%
Maude Guérin
43%
Sophie Prégent
43%
Catherine Proulx-Lemay
41%
Denise Filiatrault
41%
Mélissa Désormeaux-Poulin
41%
Caroline Dhavernas
39%
Élise Guilbault
39%
Geneviève Brouillette
39%
Hélène Florent
39%
Isabel Richer
39%
Ludivine Reding
39%
Céline Bonnier
38%
Chantal Fontaine
38%
Isabelle Brouillette
38%
Marie-Soleil Dion
38%
Virginie Fortin
38%
Evelyne Brochu
36%
Sylvie Moreau
36%
Catherine-Anne Toupin
34%
Laurence Leboeuf
34%
Macha Grenon
34%
Sonia Vachon
34%
Christine Beaulieu
32%
Louise Portal
32%
Monique Mercure
32%
Pascale Bussières
32%
Josée Deschênes
30%
Julianne Côté
30%
Maxim Roy
30%
Micheline Lanctôt
30%
Sylvie Léonard
30%
Catherine Trudeau
29%
Marie-Chantal Perron
29%
Mylène St-Sauveur
29%
Sandrine Bisson
29%
Macha Limonchik
27%
Véronique Le Flaguais
27%
Andrée Lachapelle
25%
Béatrice Picard
25%
Debbie Lynch-White
25%
Diane Lavallée
25%
Janine Sutto
25%
Sophie Desmarais
25%
Emilie Bibeau
23%
Fanny Mallette
23%
Juliette Gosselin
23%
Karine Gonthier-Hyndman
23%
Marilyn Castonguay
23%
Monia Chokri
23%
Pascale Montpetit
23%
Rachel Graton
23%
Isabelle Vincent
21%
Marianne Fortier
21%
Marie-Ginette Guay
21%
Nathalie Mallette
21%
Angèle Coutu
20%
Charlotte Aubin
20%
Marie-Hélène Thibault
20%
Murielle Dutil
20%
Suzanne Champagne
20%
Andrée Champagne
18%
Mahée Paiement
18%
Nicole Leblanc
18%
Louise Deschâtelets
13%
Monique Spaziani
13%
Aucun quiz correspondant
Distribution des résultats
% des personnes avec chaque résultat
Percentile par nombre de réponses
Votre historique - résultats
Vous n’avez pas pris ce quiz depuis la dernière actualisation